Ukončenie roka právnickej osoby z pohľadu zákona o dani z príjmov

Príjmy PO a ich vplyv na základ dane. Analýza výdavkov z hľadiska ich vplyvu na základ dane.

Saved in:
Bibliographic Details
Main Author: Vidová, Michaela
Format: Book Chapter
Language:Slovak
Subjects:
Tags: Add Tag
No Tags, Be the first to tag this record!

MARC

LEADER 00000naa a2200000 4500
001 0212947
005 20231114112742.0
041 0 |a slo 
044 |a SK 
245 1 0 |a Ukončenie roka právnickej osoby z pohľadu zákona o dani z príjmov  |c Michaela Vidová 
520 |a Príjmy PO a ich vplyv na základ dane. Analýza výdavkov z hľadiska ich vplyvu na základ dane. 
610 2 0 |a osoby právnické 
610 2 0 |a povinnosť daňová 
610 2 0 |a oslobodenie od daní 
610 2 0 |a majetok hmotný 
610 2 0 |a rezervy 
610 2 0 |a výdavky daňové 
610 2 0 |a základ dane 
100 1 |a Vidová, Michaela